Štylizácia proti reprodukcii Od začiatkov po prah zrelosti 7

Bibliographic Details
Main Author: Branko, Pavel, 1921-2020 (Author)
Format: Article
Language:Slovak
Subjects:

MARC

LEADER 00000nab a2200000 a 4500
001 vtls000409970
003 SK-MaSNL
005 20260304081728.0
008 250424c1991 xo 0 slo
015 |a SNBRB19rr/mm-uuuuu 
035 |a CL0410094 
035 |a urn:nbn:sk:snk-ab1sfo 
035 |a (urnnbn)urn:nbn:sk:snk:ar-a00e6y 
035 |a (uuid)ea9f138a-8855-448c-8119-bb369608fb07 
040 |a SNKBUCL  |b slo  |c SNKBUCL  |e AACR2 
041 0 |a slo 
044 |a xo  |c SK 
080 |a 791.43(437.6)  |2 1981 
100 1 |a Branko, Pavel,  |d 1921-2020  |4 aut  |9 85497 
245 1 0 |a Štylizácia proti reprodukcii  |b Od začiatkov po prah zrelosti 7  |c Pavel Branko 
500 |a (Pokračovanie.) 
650 0 7 |a kinematografia slovenská  |2 snkbucl  |9 860007 
650 0 7 |a film slovenský  |2 snkbucl  |9 853809 
655 7 |a články z novín a časopisov  |2 snkbucl  |9 267496 
773 0 |t Film a divadlo  |g Roč. 35, č. 1 (1991), s. 30-31 
850 |a Slovenská národná knižnica 
852 |a Slovenská národná knižnica 
954 |a odborná, vedecká literatúra pôvodná (slovenská)  |2 lita 
958 |a article27 
958 |a OND 
958 |a RK 
958 |a EUIPO 
992 |a RBX 
999 |c 2791964  |d 2793894